|
|
|
|
| LEADER |
01741nam a2200481 a 4500 |
| 001 |
nkc20122430475 |
| 003 |
CZ PrNK |
| 005 |
20240402122833.0 |
| 007 |
ta |
| 008 |
121203s2012 xr e p 000 0 eng |
| 015 |
|
|
|a cnb002430475
|
| 020 |
|
|
|a 978-80-87710-15-9
|q (brož.)
|
| 035 |
|
|
|a (OCoLC)827261912
|
| 040 |
|
|
|a BOA001
|b cze
|d OLA001
|d ABA001
|
| 041 |
0 |
|
|a eng
|a cze
|
| 072 |
|
7 |
|a 811.111
|x Angličtina
|2 Konspekt
|9 11
|
| 072 |
|
7 |
|a 37.016
|x Učební osnovy. Vyučovací předměty. Učebnice
|2 Konspekt
|9 22
|
| 080 |
|
|
|a 811.111
|2 MRF
|
| 080 |
|
|
|a 364-78
|2 MRF
|
| 080 |
|
|
|a 81'373.46
|2 MRF
|
| 080 |
|
|
|a (075.8)
|2 MRF
|
| 100 |
1 |
|
|a Karlová Bílková, Veronika
|7 mzk2013742098
|4 aut
|
| 245 |
1 |
0 |
|a Angličtina v sociální práci /
|c Veronika Karlová Bílková
|
| 260 |
|
|
|a Třebíč :
|b Amaprint - Kerndl,
|c 2012
|
| 300 |
|
|
|a 129 s. ;
|c 29 cm
|
| 500 |
|
|
|a Název z obálky
|
| 500 |
|
|
|a Na obálce: Soukromá vyšší odborná škola sociální, Jihlava
|
| 546 |
|
|
|a Část. český text
|
| 650 |
0 |
7 |
|a angličtina
|7 ph114056
|2 czenas
|
| 650 |
0 |
7 |
|a sociální práce
|7 ph125805
|2 czenas
|
| 650 |
0 |
7 |
|a oborová terminologie
|7 ph138998
|2 czenas
|
| 650 |
0 |
9 |
|a English language
|2 eczenas
|
| 650 |
0 |
9 |
|a social work
|2 eczenas
|
| 650 |
0 |
9 |
|a terminology (professional)
|2 eczenas
|
| 655 |
|
7 |
|a učebnice vyšších odborných škol
|7 fd133139
|2 czenas
|
| 655 |
|
9 |
|a textbooks (postsecondary)
|2 eczenas
|
| 710 |
2 |
|
|a Soukromá vyšší odborná škola sociální (Jihlava, Česko)
|7 olak2013741283
|
| 910 |
2 |
|
|a BOA001
|b 4-1296.774
|
| 928 |
9 |
|
|a AMAPRINT - Kerndl
|
| 990 |
|
|
|a BK
|
| 995 |
|
|
|a 01
|
| 991 |
|
|
|b 201301
|c NOV
|e n
|
| 996 |
6 |
|
|b 2610534847
|c 4-1296.774
|l MZK
|r Sklad / do 1 hodiny
|n 0
|p p.v.
|w 001308550
|u 000010
|a 1
|e BOA001
|j MZK50
|s P
|